000 00512 a2200157 4500
020 _a0-534-37782-3 ;
040 _aDLC
_bDLC
082 0 _a005.133
100 1 _aDeLillo, Nicholas J.
245 0 0 _aObject-oriented design in C++ using the standard template library
_cNicholas J. DeLillo
260 _aPacific Grove, Calif. :
_bBrooks/Cole,
_c2002
300 _a460p. ;
_c24cm
650 0 _aObject-oriented programming (Computer science)
650 0 _aC++ (Computer program language)
942 _cBK
_k005.133 DEL
_2ddc
999 _c5890
_d5890